000 01276nam0a22002891 4500
001 v19\rc\2067890
005 20251118181626.9
035 _a(NLR Aleph) 005143555
090 _a4827966
_c4827966
100 _a20251123 rusy50
101 0 _arus
102 _aRU
105 _ay d |||||
200 1 _aОсновные положения предстоящей земельной реформы
_fПроф. Г.Г. Швиттау
210 _aПетроград
_cтип. ред. период. изд. М-ва фин.
_d1917
215 _a10 с.
_d25
311 _aОтт. из "Торг.-пром. газ."
488 0 _12001#$aТоргово-промышленная газета
_171002$3RU\NLR\AUTH\889979143$aТоргово-промышленная газета$c1893-1918; Санкт-Петербург
_tТоргово-промышленная газета
_aТоргово-промышленная газета (1893-1918; Санкт-Петербург)
700 1 _aШвиттау
_bГ.Г.
_gГеоргий Георгиевич
801 0 _aRU
_bNLR
_gpsbo
801 0 _aRU
_bRuMoRGB
_2psbo
801 1 _aRU
_bProSoft-M
_2rusmarc
801 2 _aRU
_bNLR
_c20140303
_2rusmarc
852 _aNLR
_j66-7/1177
899 _aНБ СПбГУ
942 _cBOOK
980 _aNB